000 00882nam a2200253 a 4500
008 951121s1989||||[C 0 slo c
020 _c22 Kčs.
_q(7000 výtl.)
040 _aSNK
_bslo
_cSNK
_eAACR2
041 1 _aslo
_hger
044 _axo
_cSK
080 _a330.13
080 _a141.82
100 1 _aMarx, Karl
_4aut
245 1 0 _aTeórie o nadhodnote. 1. časť
_b(4.zv. Kapitálu). 8-16 kapitola a prílohy
_cKarl Marx ; Štefan Heretik, Miloš Plachtinský, Oto Takáč
250 _a2., vyd.
260 _aBratislava
_bPravda
_c1989
_eS.l.Pravda Bratislava
_fPravda Bratislava
300 _a600 s., 50,82 AH
_c24 cm
490 0 _aKlasici marxizmu-leninizmu
500 _aLit. 67. Edič. pozn. Príl. Pozn. a reg. 67 zázn. v angl., franc. a nem.
700 1 _aHeretik, Štefan
_4trl
700 1 _aPlachtinský, Miloš
_4trl
700 1 _aTakáč, Oto
_4bkd
958 _aA
999 _c15473
_d15473